000 00689cam a2200217 a 4500
001 000007518
005 20200929154210.0
008 960423s1995 ck 001 p spa
020 _a9586480909
040 _aDO-SdBNP
_cDLC
082 _aC863.44
_bI68h
100 1 _aIriarte, Rogelio.
_920876
245 1 3 _aUn hilo de sangre por la escalera /
_cRogelio Iriarte.
260 _aSantafé de Bogotá :
_bEcoe Ediciones,
_c1995.
300 _a75 p. ;
_c18 cm.
490 1 _aCrónica negra colombiana
_v2
650 4 _aNovela colombiana
_91243
650 4 _aLiteratura colombiana
_ySIGLO XX
_914409
830 0 _aCrónica negra colombiana ;
_v2.
_920877
910 _aCatalogación por copia / LC
999 _c7299
_d7299